Statistics for Pixar Cars The Movie Opening Script

Click here to take the quiz!

General Stats

  • This quiz has been taken 494 times
    (488 since last reset)
  • The average score is 215 of 500

Answer Stats

HintAnswer% Correct
A
97%
a
97%
I
96%
am
90%
speed
90%
Speed
90%
Lightning
78%
lightning
78%
he
77%
win
74%
you
73%
| Bob Cutlass | Doug RMYou
73%
1
70%
breakfast
68%
Breakfast
68%
losers
68%
the
68%
The
68%
winner
68%
for
67%
eat
66%
Random Fan 1 | Random fan 2Go
66%
go
66%
ready
66%
we
65%
Not Chuck | Random fan 3We
65%
are
64%
Lightning McqueenNo no no no
64%
On
64%
on
64%
be
62%
MackHey
61%
Mcqueen
61%
42
59%
fast
58%
No
57%
no
57%
| Bob Cutlass | Lightning McqueenOh
54%
race
54%
to
54%
yeah
54%
Albert Hinkey | Darrell Cartrip | Lightning McqueenYeah
54%
here
53%
cup
52%
have
52%
faster
51%
Focus
51%
me
51%
piston
51%
than
50%
I'm
49%
Lightning McqueenOk
49%
do
48%
Chick
47%
is
47%
quick
47%
King
46%
3
45%
Hicks
45%
quicker
45%
should
45%
love
44%
rookie
44%
Bob CutlassAnd
43%
and
43%
in
43%
that
43%
Chick Hicks | Not ChuckWhat
43%
what
43%
good
41%
Can
40%
can
40%
cars
40%
Ka-chow
40%
of
40%
this
40%
get
39%
| Brian | Chick HicksGet
39%
had
39%
it
39%
Dinoco
38%
may
38%
Mood SpringsDon't
37%
don't
37%
fin
37%
first
37%
His
37%
his
37%
could
36%
Will
36%
will
36%
Bob
35%
my
35%
now
35%
out
35%
there
35%
up
35%
champion
34%
Chick HicksCome
34%
Darrell
34%
last
34%
Lightning's
34%
Maybe
34%
Not
34%
not
34%
got
33%
know
33%
Bob CutlassRight
33%
right
33%
through
33%
tires
33%
at
32%
by
32%
Cartrip
32%
Cutlass
32%
just
32%
need
31%
second
31%
think
31%
all
30%
gas
30%
season
30%
was
30%
crash
29%
'em
29%
friend
29%
lead
29%
racing
29%
runner
29%
Stay
29%
take
29%
turn
29%
We're
29%
we're
29%
with
29%
going
28%
he's
28%
| Chief Chick | Darrell CartripHe's
28%
Bob CutlassWelcome
28%
your
28%
But
27%
him
27%
Let's
27%
let's
27%
make
27%
pits
27%
way
27%
year
27%
been
26%
Brekky
26%
final
26%
idiot
26%
like
26%
Darrell CartripLook
26%
made
26%
mine
26%
Strip
26%
Weathers
26%
back
25%
everyone
25%
focused
25%
into
25%
legend
25%
more
25%
place
25%
Wait
25%
always
24%
as
24%
day
24%
If
24%
still
24%
boy
23%
expected
23%
oil
23%
piece
23%
tied
23%
400
22%
Does
22%
points
22%
them
22%
Darrell CartripThere's
22%
they're
22%
before
21%
booth
21%
came
21%
crew
21%
gonna
21%
knows
21%
thing
21%
third
21%
tow
21%
ElvisUh
21%
chief
20%
gets
20%
huge
20%
roof
20%
sensation
20%
thought
20%
years
20%
behind
19%
career
19%
chasing
19%
entire
19%
exciting
19%
golden
19%
Darrell CartripThat's
19%
anybody
18%
chance
18%
Dinoco's
18%
fired
18%
from
18%
historic
18%
lot
18%
move
18%
pitting
18%
spot
18%
tail
18%
title
18%
unknown
18%
wreckage
18%
boys
17%
coming
17%
find
17%
gotta
17%
heading
17%
leaders
17%
Bob CutlassMcqueen's
17%
retirement
17%
stop
17%
coach
16%
finally
16%
pressure's
16%
victory
16%
ground
15%
land
15%
stays
15%
Bob CutlassWell
15%
caught
14%
shadow
14%
antenna
13%
beauty
13%
emerge
13%
King's
13%
Looks
13%
midway
13%
spectacular
13%
Bob CutlassTrouble
13%
after
12%
balls
12%
heads
12%
restart
12%
Bob CutlassWhile
12%
Slick
11%
says
10%
alone
8%
likes
8%
working
7%

Score Distribution

Percentile by Number Answered

Percent of People with Each Score

Your Score History

You have not taken this quiz since the last reset